| 000 | 01019nam a22003017a 4500 | ||
|---|---|---|---|
| 003 | CHAP | ||
| 005 | 20220329140012.0 | ||
| 008 | 971013s1961 r 00010 d | ||
| 010 | _a45325 | ||
| 011 | _a46297 | ||
| 035 | _a50438 | ||
| 040 | _cCHAP | ||
| 082 |
_a634.905 _bU5 1961 |
||
| 110 |
_aUniversity of Oxford. Department of Forestry _9116757 |
||
| 245 | _aList of peridicals and serial publications in the library of the Department of Forestry | ||
| 250 | _a2 ed. | ||
| 260 |
_a(Oxford) : _bThe University, _c1961 |
||
| 300 | _a2 v. | ||
| 590 |
_aBATCH-UPD _b10 _c20130109 _lUCH01 _h2323 |
||
| 590 |
_aBATCH-UPD _b10 _c20130409 _lUCH01 _h1846 |
||
| 590 |
_aBATCH-UPD _b10 _c20130914 _lUCH01 _h0714 |
||
| 590 |
_aCONVERSION _b10 _c20130109 _lUCH01 _h1325 |
||
| 650 | 1 | 4 |
_aBosques _xPublicaciones periódicas. _914370 |
| 901 | _aBK | ||
| 942 | _cLIBRO | ||
| 949 |
_a634.905 U5 1961 _bBC _cC _d33724002323223 _eC _fv.1 _h11520 _i50438 _mD _si |
||
| 949 |
_a634.905 U5 1961 _bBC _cC _d33724002323611 _eC _fv.2 _h11521 _i50438 _mD _si |
||
| 999 |
_c45325 _d45325 |
||